MARC details
| 000 -CABECERA |
| campo de control de longitud fija |
00876nam a2200241 a 4500 |
| 005 - FECHA Y HORA DE LA ÚLTIMA TRANSACCIÓN |
| campo de control |
20250307063818.0 |
| 008 - ELEMENTOS DE LONGITUD FIJA--INFORMACIÓN GENERAL |
| campo de control de longitud fija |
010616s1997 mx r 000 0 spa d |
| 020 ## - NÚMERO INTERNACIONAL NORMALIZADO PARA LIBROS |
| Número Internacional Estándar del Libro |
8485851935 |
| 035 ## - NÚMERO DE CONTROL DEL SISTEMA |
| Número de control de sistema |
UPN01000108462 |
| 049 ## - COLECCIÓN |
| Colección |
CG |
| 050 #4 - SIGNATURA TOPOGRÁFICA DE LA BIBLIOTECA DEL CONGRESO |
| Número de clasificación |
LB1027.25 |
| Número de documento/Ítem |
M4.7 no.30 |
| 100 1# - ASIENTO PRINCIPAL--NOMBRE PERSONAL |
| Nombre de persona |
Cerejido Samos, Inmaculada |
| 245 10 - MENCIÓN DE TÍTULO |
| Título |
Programa de estrategias del pensamiento social y creativo : |
| Resto del título |
2a. parte del programa de pensamiento de calidad / |
| Mención de responsabilidad, etc. |
Inmaculada Cerejido Samos. |
| 260 ## - PUBLICACIÓN, DISTRIBUCIÓN, ETC. |
| Lugar de publicación, distribución, etc. |
Madrid : |
| Nombre del editor, distribuidor, etc. |
EOS, |
| Fecha de publicación, distribución, etc. |
1997. |
| 300 ## - DESCRIPCIÓN FÍSICA |
| Extensión |
122 p. : |
| Otras características físicas |
il. |
| 440 #0 - MENCIÓN DE SERIE/ASIENTO SECUNDARIO--TÍTULO |
| Título |
Método EOS ; |
| Designación de volumen o secuencia |
30. |
| Nombre de parte o sección de la obra |
Programa de pensamiento de calidad |
| 500 ## - NOTA GENERAL |
| Nota general |
"Nivel óptimo: Secundaria, FP" |
| 500 ## - NOTA GENERAL |
| Nota general |
"Programa de estrategias del pensamiento social y creativo" |
| 650 #4 - ASIENTO SECUNDARIO DE MATERIA - TERMINO TEMATICO |
| Término de materia o nombre geográfico como elemento de entrada |
Programas de actividades en la educación |
| 9 (RLIN) |
7928 |
| 650 #4 - ASIENTO SECUNDARIO DE MATERIA - TERMINO TEMATICO |
| Término de materia o nombre geográfico como elemento de entrada |
Pensamiento |
| 9 (RLIN) |
5399 |
| 650 #7 - ASIENTO SECUNDARIO DE MATERIA - TERMINO TEMATICO |
| Término de materia o nombre geográfico como elemento de entrada |
Hablar en público |
| Fuente del encabezamiento o término |
|
| 9 (RLIN) |
173 |
| 905 ## - TIPO DE MATERIAL |
| Tipo de material |
Libro |